| 000 | 01084nam0a2200301 4500 | ||
|---|---|---|---|
| 001 | RU\NLR\ONL2\10561 | ||
| 005 | 20250613130859.0 | ||
| 010 |
_a978-5-94423-145-1 _9500 |
||
| 035 | _a(NLR Aleph) 009658150 | ||
| 090 |
_a9600287 _c9600287 |
||
| 100 | _a20080901d2008 |||y0rusy50 ca | ||
| 101 | 0 |
_abak _arus |
|
| 102 | _aRU | ||
| 105 | _aa ||||||||| | ||
| 200 | 1 |
_aЙэйгор төçө _dЦвет радуги _eшигырзар _fСибай kалаhы k. округы хакимиэте, Сибай языусылар ойошмаhы _g[төз. К. И. Усманова] |
|
| 210 |
_aУфа _cДизайнПолиграфСервис _d2008 |
||
| 215 |
_a157 б., [16] л. цв. фот. _cпортр. _d21 |
||
| 300 | _aТекст башк., рус. | ||
| 541 | 1 |
_aЦвет радуги _eсб. стихов. _zrus |
|
| 686 | 1 | _aШ6(2=Баш)7-5 | |
| 702 | 1 |
_aУсманова _bК. И. _4220 |
|
| 801 | 0 |
_aRU _bNLR _c20080901 _gPSBO |
|
| 852 |
_aNLR _bОНЛ _jБашк./3-5048 |
||
| 942 | _cBOOK | ||
| 980 | _aNB | ||
| 980 | _aONL_RF | ||